000
00313nam a2200121Ia 4500
008
190216s9999||||xx |||||||||||||| ||und||
100
_a
Antonia Yermakova &valenton
245
0
_a
What Are Classes And The Classes Struggle
260
_b
Pregress Pub
_c
1986
300
_a
265p
650
_a
Economics
942
_c
BK
999
_c
9829
_d
9829